[Event "Gonfreville Master"]
[Site "Gonfreville"]
[Date "1999.04.15"]
[Round "10"]
[White "Pecot, Laurent"]
[Black "Karr, Jean Philippe"]
[Result "0-1"]
[WhiteElo "2225"]
[BlackElo "2347"]
[PlyCount "100"]
[EventDate "1999.04.??"]
[EventType "swiss"]
[EventRounds "13"]
[EventCountry "FRA"]
[EventCategory "8"]
[SourceTitle "CBM 070 Extra"]
[Source "ChessBase"]
[SourceDate "1999.07.10"]
[SourceVersion "1"]
[SourceVersionDate "1999.07.10"]
[SourceQuality "1"]

1. d4 Nf6 2. Nf3 e6 3. e3 b6 4. Bd3 Bb7 5. Nbd2 c5 6. 0-0 d6 7. c4 Be7 8. b3 0-0 9. Bb2 Nbd7 10. Qe2 Re8 11. e4 cxd4 12. Nxd4 Ne5 13. Bc2 Ng6 14. Rae1 a6 15. a3 Qc7 16. Qd3 Rad8 17. Qg3 Nd7 18. Nf5 Bf6 19. Bxf6 Nxf6 20. Ne3 Qc5 21. b4 Qd4 22. Rd1 Qb2 23. Ra1 d5 24. Rab1 Qxa3 25. Qc7 d4 26. Nd1 d3 27. Bb3 Qxb4 28. Qxb7 Qxd2 29. Ba4 Rf8 30. Rxb6 Qf4 31. f3 Ne5 32. c5 Nc4 33. g3 Qe5 34. Rxa6 Qxc5+ 35. Kg2 Rb8 36. Qa7 Qb4 37. Qf2 Rfd8 38. Ne3 d2 39. Nxc4 Qxc4 40. Ra7 Rb2 41. Bd1 h6 42. h4 Ne8 43. Qe3 Nd6 44. Ra3 Nb5 45. Rb3 Rxb3 46. Qxb3 Qxb3 47. Bxb3 Nc3 48. Rf2 d1Q 49. Bxd1 Rxd1 50. Rb2 h5 0-1

[Event "Gonfreville Master"]
[Site "Gonfreville"]
[Date "1999.04.14"]
[Round "9"]
[White "Berthelot, Yannick"]
[Black "Pecot, Laurent"]
[Result "1-0"]
[WhiteElo "2327"]
[BlackElo "2225"]
[PlyCount "47"]
[EventDate "1999.04.??"]
[EventType "swiss"]
[EventRounds "13"]
[EventCountry "FRA"]
[EventCategory "8"]
[SourceTitle "CBM 070 Extra"]
[Source "ChessBase"]
[SourceDate "1999.07.10"]
[SourceVersion "1"]
[SourceVersionDate "1999.07.10"]
[SourceQuality "1"]

1. e4 d5 2. exd5 Nf6 3. d4 Nxd5 4. c4 Nb6 5. Nf3 g6 6. Be2 Bg7 7. 0-0 0-0 8. Nc3 Nc6 9. d5 Ne5 10. c5 Nxf3+ 11. Bxf3 Nd7 12. Be3 f5 13. Re1 Ne5 14. Bf4 Nxf3+ 15. Qxf3 Bd7 16. c6 Bxc3 17. bxc3 bxc6 18. dxc6 Bc8 19. Rad1 Qe8 20. Bxc7 Qf7 21. Bd8 Be6 22. c7 Rc8 23. Qc6 Bxa2 24. Qd7 1-0

[Event "Gonfreville Master"]
[Site "Gonfreville"]
[Date "1999.04.13"]
[Round "8"]
[White "Pecot, Laurent"]
[Black "Payen, Arnaud"]
[Result "1/2-1/2"]
[WhiteElo "2225"]
[BlackElo "2415"]
[PlyCount "131"]
[EventDate "1999.04.??"]
[EventType "swiss"]
[EventRounds "13"]
[EventCountry "FRA"]
[EventCategory "8"]
[SourceTitle "CBM 070 Extra"]
[Source "ChessBase"]
[SourceDate "1999.07.10"]
[SourceVersion "1"]
[SourceVersionDate "1999.07.10"]
[SourceQuality "1"]

1. d4 Nf6 2. Nf3 e6 3. e3 b6 4. Bd3 Bb7 5. Nbd2 c5 6. 0-0 cxd4 7. exd4 Be7 8. c4 0-0 9. b3 d5 10. Qe2 Nc6 11. Bb2 Qd6 12. Rfe1 Rac8 13. Rac1 Qf4 14. Qe3 Bd6 15. a3 dxc4 16. bxc4 Rfe8 17. Qxf4 Bxf4 18. Rcd1 Na5 19. g3 Bxd2 20. Nxd2 Ba6 21. Rc1 Rc7 22. Rc2 Rec8 23. Rec1 Ne8 24. Bf1 Nd6 25. Bc3 Ndb7 26. Bb4 Nc6 27. Nf3 Nca5 28. Nd2 Bb5 29. c5 Ba4 30. Rc3 b5 31. Bxa5 Nxa5 32. Bg2 Rd8 33. Rd3 Nc4 34. Nxc4 bxc4 35. Rdc3 Bb3 36. Bf1 Rxd4 37. Bxc4 Bxc4 38. Rxc4 Rxc4 39. Rxc4 Kf8 40. f4 Ke7 41. Kf2 Kd7 42. Ra4 Kc6 43. Ra5 Kd5 44. g4 h6 45. Kg3 Rb7 46. h4 f6 47. h5 Rb3+ 48. Kf2 Rb7 49. Kg2 Ke4 50. Ra4+ Ke3 51. Rb4 Rc7 52. Rc4 Rc6 53. Kg3 a5 54. g5 Kd3 55. Rc1 Kd4 56. Rd1+ Ke4 57. Rc1 hxg5 58. fxg5 Kf5 59. gxf6 gxf6 60. Kf3 Kg5 61. Ke4 Kxh5 62. Kd4 Kg6 63. Rb1 Rc8 64. Rb6 Kf5 65. Ra6 Rd8+ 66. Kc4 1/2-1/2

[Event "Gonfreville Master"]
[Site "Gonfreville"]
[Date "1999.04.07"]
[Round "2"]
[White "Nikcevic, Nebojsa"]
[Black "Pecot, Laurent"]
[Result "1/2-1/2"]
[WhiteElo "2472"]
[BlackElo "2225"]
[PlyCount "102"]
[EventDate "1999.04.??"]
[EventType "swiss"]
[EventRounds "13"]
[EventCountry "FRA"]
[EventCategory "8"]
[SourceTitle "CBM 070 Extra"]
[Source "ChessBase"]
[SourceDate "1999.07.10"]
[SourceVersion "1"]
[SourceVersionDate "1999.07.10"]
[SourceQuality "1"]

1. c4 e6 2. Nf3 d5 3. g3 Nf6 4. Bg2 Be7 5. 0-0 0-0 6. d4 c5 7. dxc5 Bxc5 8. cxd5 exd5 9. Qc2 Bb6 10. Nc3 Nc6 11. Bg5 Be6 12. Na4 Nb4 13. Qb3 Ba5 14. Nd4 Bc8 15. Rac1 h6 16. Bd2 Nc6 17. Rxc6 Bxd2 18. Rc5 Bd7 19. Rc2 Ba5 20. Rd1 Rc8 21. Nc3 Bxc3 22. Rxc3 Rxc3 23. Qxc3 Qb6 24. Qb3 Qxb3 25. Nxb3 Be6 26. Rc1 Rc8 27. Rxc8+ Bxc8 28. Nd4 Bd7 29. Kf1 Kf8 30. Ke1 Ke7 31. Kd2 Kd6 32. h3 g5 33. Kd3 b6 34. e3 Ng8 35. f4 f6 36. Kc3 Ne7 37. Bf1 Nf5 38. Nxf5+ Bxf5 39. Bg2 a5 40. Kd4 Be6 41. a3 Bf5 42. Bf3 Be6 43. fxg5 fxg5 44. h4 gxh4 45. gxh4 Bf7 46. Bg2 Bg8 47. Bh1 Bf7 48. Bf3 Bg8 49. Bg4 Bh7 50. Bf3 Bg8 51. Bd1 Bh7 1/2-1/2

[Event "Gonfreville Master"]
[Site "Gonfreville"]
[Date "1999.04.06"]
[Round "1"]
[White "Pecot, Laurent"]
[Black "Miezis, Normunds"]
[Result "0-1"]
[WhiteElo "2225"]
[BlackElo "2525"]
[PlyCount "69"]
[EventDate "1999.04.??"]
[EventType "swiss"]
[EventRounds "13"]
[EventCountry "FRA"]
[EventCategory "8"]
[SourceTitle "CBM 070 Extra"]
[Source "ChessBase"]
[SourceDate "1999.07.10"]
[SourceVersion "1"]
[SourceVersionDate "1999.07.10"]
[SourceQuality "1"]

1. d4 Nf6 2. Nf3 e6 3. e3 c5 4. Bd3 Qc7 5. Nbd2 Nc6 6. c3 cxd4 7. exd4 Nd5 8. Nc4 b6 9. Ne3 Nf4 10. Bf1 Bb7 11. g3 Ng6 12. Bg2 h5 13. 0-0 h4 14. d5 Nce5 15. Nd4 hxg3 16. fxg3 a6 17. Bd2 Bc5 18. b4 Bd6 19. Qe2 Ne7 20. c4 N5g6 21. Qf2 0-0 22. Rac1 Rae8 23. Nb3 Be5 24. dxe6 dxe6 25. c5 Bxg2 26. Qxg2 Rd8 27. Ng4 b5 28. Nxe5 Nxe5 29. Bf4 Nd5 30. Qe4 Nxf4 31. Qxf4 Rd5 32. Rcd1 Re8 33. Rd2 Red8 34. Nd4 Qd7 35. Nf3 0-1

[Event "Pereyra mem-A email "]
[Site "CAPA email"]
[Date "1999.??.??"]
[Round "?"]
[White "Bonatti, Walter Fabian"]
[Black "Pecot, Laurent"]
[Result "1/2-1/2"]
[WhiteElo "2512"]
[BlackElo "2512"]
[PlyCount "90"]
[EventDate "1999.10.15"]
[EventType "tourn (corr)"]
[EventRounds "14"]
[EventCountry "ARG"]
[EventCategory "11"]
[SourceTitle "Corr 2002"]
[Source "ChessBase"]
[SourceDate "2002.05.23"]
[SourceVersion "1"]
[SourceVersionDate "2002.05.23"]
[SourceQuality "1"]

1. e4 d5 2. exd5 Nf6 3. d4 Nxd5 4. Nf3 g6 5. Be2 Bg7 6. 0-0 0-0 7. c4 Nb6 8. Nc3 Nc6 9. d5 Ne5 10. c5 Nxf3+ 11. Bxf3 Nd7 12. Be3 Ne5 13. Be2 b6 14. c6 f5 15. Bd4 Re8 16. f4 Nf7 17. Bxg7 Kxg7 18. Qd4+ e5 19. fxe5 Rxe5 20. Bc4 Qe7 21. Rae1 Kf8 22. Rxe5 Qxe5 23. Qf2 Nd6 24. Re1 Qg7 25. Bd3 a6 26. Kh1 h6 27. Qh4 g5 28. Qh5 Kg8 29. Qe2 Kf8 30. g3 b5 31. a4 b4 32. Nd1 a5 33. b3 Qf6 34. Ne3 Qd4 35. Rd1 f4 36. Ng2 Bh3 37. Bf5 Bxg2+ 38. Kxg2 Qf6 39. Be6 Kg7 40. gxf4 Qxf4 41. Rf1 Qd4 42. Qh5 Qe4+ 43. Kg1 Qe5 44. Rf2 Qd4 45. Kg2 Qe4+ 1/2-1/2

[Event "Pereyra mem-A email "]
[Site "CAPA email"]
[Date "1999.??.??"]
[Round "5"]
[White "Horta, Hector"]
[Black "Pecot, Laurent"]
[Result "1/2-1/2"]
[WhiteElo "2410"]
[BlackElo "2512"]
[PlyCount "67"]
[EventDate "1999.10.15"]
[EventType "tourn (corr)"]
[EventRounds "14"]
[EventCountry "ARG"]
[EventCategory "11"]
[SourceTitle "Corr 2002"]
[Source "ChessBase"]
[SourceDate "2002.05.23"]
[SourceVersion "1"]
[SourceVersionDate "2002.05.23"]
[SourceQuality "1"]

1. d4 d5 2. c4 e6 3. Nc3 c5 4. cxd5 exd5 5. Nf3 Nc6 6. g3 Nf6 7. Bg2 Be7 8. 0-0 0-0 9. Bg5 c4 10. Ne5 Be6 11. f4 Ng4 12. Nxg4 Bxg4 13. Bxd5 Bxg5 14. fxg5 Qxg5 15. Rf4 Be6 16. Be4 Rfd8 17. e3 Ne7 18. Qc2 Ng6 19. d5 Bd7 20. Bxg6 hxg6 21. a4 Rac8 22. Qf2 Qe7 23. Rd1 f6 24. Rdd4 Qc5 25. Qe2 Re8 26. Rxc4 Qxe3+ 27. Qxe3 Rxe3 28. Rxc8+ Bxc8 29. Re4 Rxe4 30. Nxe4 b6 31. Kf2 g5 32. Ke3 Bd7 33. a5 Kf8 34. axb6 1/2-1/2

[Event "Pereyra mem-A email "]
[Site "CAPA email"]
[Date "1999.??.??"]
[Round "2"]
[White "Pecot, Laurent"]
[Black "Bormida, Adolfo A"]
[Result "1/2-1/2"]
[WhiteElo "2512"]
[BlackElo "2412"]
[PlyCount "48"]
[EventDate "1999.10.15"]
[EventType "tourn (corr)"]
[EventRounds "14"]
[EventCountry "ARG"]
[EventCategory "11"]
[SourceTitle "Corr 2002"]
[Source "ChessBase"]
[SourceDate "2002.05.23"]
[SourceVersion "1"]
[SourceVersionDate "2002.05.23"]
[SourceQuality "1"]

1. d4 Nf6 2. Nf3 d5 3. e3 Bf5 4. c4 c6 5. cxd5 cxd5 6. Qb3 Qc7 7. Bd2 e6 8. Nc3 Nc6 9. Bb5 Bd6 10. Rc1 Rb8 11. Nh4 Be4 12. f3 Bg6 13. Nxg6 hxg6 14. f4 a6 15. Bd3 g5 16. fxg5 Ng4 17. h3 Be7 18. Ne2 Bxg5 19. Bb1 Bh4+ 20. Kf1 Nf2 21. Rg1 Qd8 22. Be1 Qf6 23. Nf4 g5 24. Rxc6 gxf4 1/2-1/2

[Event "FRA-chT"]
[Site "France"]
[Date "1999.??.??"]
[Round "3"]
[White "Pecot, Laurent"]
[Black "Bujisho, Benjamin"]
[Result "0-1"]
[WhiteElo "2225"]
[BlackElo "2270"]
[PlyCount "44"]
[EventDate "1999.02.??"]
[EventType "team-tourn"]
[EventRounds "11"]
[EventCountry "FRA"]
[SourceTitle "EXT 2000"]
[Source "ChessBase"]
[SourceDate "1999.11.16"]
[SourceVersion "1"]
[SourceVersionDate "1999.11.16"]
[SourceQuality "1"]

1. d4 d5 2. Nf3 Nf6 3. e3 e6 4. Bd3 Bd6 5. Nbd2 c5 6. c3 Nc6 7. 0-0 0-0 8. Qe2 Qc7 9. dxc5 Bxc5 10. e4 h6 11. b4 Bd6 12. h3 Ne5 13. Nxe5 Bxe5 14. Bb2 dxe4 15. Nxe4 Nd5 16. g3 Re8 17. a3 f5 18. Nc5 b6 19. Na6 Qd6 20. Rad1 Bb7 21. c4 Bxb2 22. Qxb2 Ne3 0-1

[Event "Pereyra mem-A email "]
[Site "CAPA email"]
[Date "1999.??.??"]
[Round "8"]
[White "Pecot, Laurent"]
[Black "Oesterman, Georg"]
[Result "1-0"]
[WhiteElo "2512"]
[BlackElo "2554"]
[PlyCount "77"]
[EventDate "1999.10.15"]
[EventType "tourn (corr)"]
[EventRounds "14"]
[EventCountry "ARG"]
[EventCategory "11"]
[SourceTitle "Corr 2002"]
[Source "ChessBase"]
[SourceDate "2002.05.23"]
[SourceVersion "1"]
[SourceVersionDate "2002.05.23"]
[SourceQuality "1"]

1. d4 Nf6 2. Nf3 e6 3. e3 b6 4. Bd3 Bb7 5. Nbd2 d5 6. Ne5 Bd6 7. f4 c5 8. c3 0-0 9. Qf3 Nbd7 10. g4 Bxe5 11. dxe5 Ne4 12. Qh3 a6 13. b3 b5 14. Bb2 Qc7 15. Bc2 Rfd8 16. c4 Nf8 17. Nxe4 dxe4 18. Bc3 b4 19. Bb2 a5 20. Rd1 Rxd1+ 21. Kxd1 a4 22. Qg2 Rd8+ 23. Kc1 a3 24. Ba1 Ng6 25. Qf2 Ne7 26. f5 Rd7 27. Rf1 Qb6 28. h4 Nc8 29. h5 Qd8 30. g5 Qe8 31. g6 h6 32. f6 fxg6 33. hxg6 Qxg6 34. Rg1 Qe8 35. Bd1 Na7 36. Qh4 Kh7 37. Bh5 Qg8 38. Bg6+ Kh8 39. Bf5 1-0

[Event "Pereyra mem-A email "]
[Site "CAPA email"]
[Date "1999.??.??"]
[Round "12"]
[White "Tsvetkov, Aleksei Aleksandrov"]
[Black "Pecot, Laurent"]
[Result "1/2-1/2"]
[WhiteElo "2523"]
[BlackElo "2512"]
[PlyCount "45"]
[EventDate "1999.10.15"]
[EventType "tourn (corr)"]
[EventRounds "14"]
[EventCountry "ARG"]
[EventCategory "11"]
[SourceTitle "Corr 2002"]
[Source "ChessBase"]
[SourceDate "2002.05.23"]
[SourceVersion "1"]
[SourceVersionDate "2002.05.23"]
[SourceQuality "1"]

1. e4 d5 2. exd5 Nf6 3. d4 Nxd5 4. c4 Nb6 5. Nf3 g6 6. Nc3 Bg7 7. c5 Nd5 8. Bc4 Nxc3 9. bxc3 0-0 10. 0-0 Nc6 11. Re1 Na5 12. Bd3 b6 13. Ba3 Re8 14. Bb4 Nc6 15. Be4 Bb7 16. Qa4 Nxb4 17. Bxb7 Rb8 18. Be4 Nd5 19. Bxd5 Qxd5 20. Qxa7 Ra8 21. Qxc7 bxc5 22. Rxe7 cxd4 23. Rxe8+ 1/2-1/2

[Event "Pappier mem-B email"]
[Site "Argentina"]
[Date "1998.??.??"]
[Round "10"]
[White "Muttoni, Guillermo Cesar"]
[Black "Pecot, Laurent"]
[Result "0-1"]
[WhiteElo "2380"]
[BlackElo "2495"]
[PlyCount "86"]
[EventDate "1998.??.??"]
[EventType "tourn (corr)"]
[EventRounds "14"]
[EventCountry "ARG"]
[EventCategory "6"]
[SourceTitle "E-Mail 2000"]
[Source "ChessBase"]
[SourceDate "2000.04.19"]
[SourceVersion "1"]
[SourceVersionDate "2000.04.19"]
[SourceQuality "1"]

1. d4 d5 2. c4 e6 3. Nc3 c5 4. cxd5 exd5 5. Nf3 Nc6 6. g3 Nf6 7. Bg2 Be7 8. 0-0 0-0 9. Bg5 c4 10. Ne5 Be6 11. Nxc6 bxc6 12. b3 Qa5 13. Na4 Rfd8 14. e3 Rac8 15. Bxf6 gxf6 16. bxc4 dxc4 17. Qc2 Bb4 18. a3 Be7 19. Rfd1 f5 20. Nc3 Bf6 21. Rdb1 Rb8 22. Rxb8 Rxb8 23. Bxc6 Rb3 24. Na4 Qa6 25. Rc1 f4 26. gxf4 Rxa3 27. d5 Bh3 28. Kh1 Ra1 29. Rxa1 Bxa1 30. Qb1 Bg7 31. f5 Qc8 32. e4 Qc7 33. Qc1 Qe5 34. d6 Qxd6 35. Bd5 Qb4 36. Qd1 c3 37. Bc4 c2 38. Qd8+ Qf8 39. Bxf7+ Kh8 40. Qd2 Qxf7 41. Qxc2 h6 42. Qc8+ Kh7 43. Qc6 Qh5 0-1

[Event "Pappier mem-B email"]
[Site "Argentina"]
[Date "1998.??.??"]
[Round "7"]
[White "Pecot, Laurent"]
[Black "Chorfi, Khaled"]
[Result "1/2-1/2"]
[WhiteElo "2495"]
[BlackElo "2460"]
[PlyCount "41"]
[EventDate "1998.??.??"]
[EventType "tourn (corr)"]
[EventRounds "14"]
[EventCountry "ARG"]
[EventCategory "6"]
[SourceTitle "E-Mail 2000"]
[Source "ChessBase"]
[SourceDate "2000.04.19"]
[SourceVersion "1"]
[SourceVersionDate "2000.04.19"]
[SourceQuality "1"]

1. d4 Nf6 2. Nf3 g6 3. Nc3 d5 4. Bf4 Bg7 5. e3 0-0 6. Be2 c5 7. dxc5 Qa5 8. Nd2 Qxc5 9. Nb3 Qb6 10. Nb5 Ne8 11. Qxd5 Bxb2 12. Rb1 Bg7 13. 0-0 Nc6 14. Nc5 Nf6 15. Qc4 Na5 16. Qb4 Nd5 17. Qa3 Nxf4 18. exf4 Rd8 19. Nc3 Qc7 20. Nb5 Qb6 21. Nc3 1/2-1/2

[Event "Pappier mem-B email"]
[Site "Argentina"]
[Date "1998.??.??"]
[Round "3"]
[White "Pecot, Laurent"]
[Black "Fitzpatrick, Simon P"]
[Result "1-0"]
[WhiteElo "2495"]
[BlackElo "2400"]
[PlyCount "35"]
[EventDate "1998.??.??"]
[EventType "tourn (corr)"]
[EventRounds "14"]
[EventCountry "ARG"]
[EventCategory "6"]
[SourceTitle "E-Mail 2000"]
[Source "ChessBase"]
[SourceDate "2000.04.19"]
[SourceVersion "1"]
[SourceVersionDate "2000.04.19"]
[SourceQuality "1"]

1. d4 Nf6 2. Nf3 e6 3. e3 c5 4. Bd3 cxd4 5. exd4 Nc6 6. Nbd2 Qc7 7. a3 b6 8. 0-0 Bb7 9. c4 Bd6 10. b4 0-0 11. Bb2 Ng4 12. h3 Nh2 13. Re1 Nxf3+ 14. Nxf3 f5 15. d5 exd5 16. Bf1 dxc4 17. Bxc4+ Kh8 18. Ng5 1-0

[Event "FRA-chT 9697 fin"]
[Site "Clichy"]
[Date "1997.05.04"]
[Round "11"]
[White "Pecot, Laurent"]
[Black "Anic, Darko"]
[Result "0-1"]
[WhiteElo "2285"]
[BlackElo "2470"]
[PlyCount "62"]
[EventDate "1997.??.??"]
[EventType "team-tourn"]
[EventRounds "4"]
[EventCountry "FRA"]
[SourceTitle "EXT 1999"]
[Source "ChessBase"]
[SourceDate "1998.11.16"]
[SourceVersion "1"]
[SourceVersionDate "1998.11.16"]
[SourceQuality "1"]

1. d4 c6 2. Nf3 f5 3. g3 Nf6 4. Bg2 g6 5. 0-0 Bg7 6. c4 0-0 7. b3 a5 8. Bb2 Na6 9. Nc3 d6 10. e3 Qc7 11. Rc1 Bd7 12. d5 Nc5 13. Nd4 Qb6 14. Ba3 Rac8 15. Bxc5 Qxc5 16. Na4 Qa7 17. dxc6 bxc6 18. c5 d5 19. Nb6 Rb8 20. Nxd7 Qxd7 21. Ne2 Rb5 22. Qd2 Ra8 23. f3 e5 24. Rfd1 Bf8 25. f4 exf4 26. gxf4 Re8 27. Nd4 Rxc5 28. Rxc5 Bxc5 29. Qxa5 Qd6 30. Qd2 Ng4 31. Re1 Bb4 0-1

[Event "FRA-chT 9697 fin"]
[Site "Clichy"]
[Date "1997.05.02"]
[Round "9"]
[White "Benitah, Yohan"]
[Black "Pecot, Laurent"]
[Result "1/2-1/2"]
[WhiteElo "2285"]
[BlackElo "2235"]
[PlyCount "34"]
[EventDate "1997.??.??"]
[EventType "team-tourn"]
[EventRounds "4"]
[EventCountry "FRA"]
[SourceTitle "EXT 1999"]
[Source "ChessBase"]
[SourceDate "1998.11.16"]
[SourceVersion "1"]
[SourceVersionDate "1998.11.16"]
[SourceQuality "1"]

1. d4 d5 2. c4 e6 3. Nc3 c5 4. cxd5 exd5 5. Nf3 Nc6 6. g3 Nf6 7. Bg2 Be7 8. 0-0 0-0 9. Bg5 c4 10. Ne5 Be6 11. Rc1 Nd7 12. Nxc6 bxc6 13. Bxe7 Qxe7 14. e4 dxe4 15. Bxe4 Rad8 16. Qc2 Nf6 17. Bxc6 Rxd4 1/2-1/2

[Event "FRA-chTA 9697"]
[Site "France"]
[Date "1997.??.??"]
[Round "4"]
[White "Pecot, Laurent"]
[Black "Bouhallel, Rabah"]
[Result "0-1"]
[WhiteElo "2235"]
[BlackElo "2240"]
[PlyCount "74"]
[EventDate "1997.??.??"]
[EventType "team-tourn"]
[EventRounds "7"]
[EventCountry "FRA"]
[SourceTitle "EXT 1999"]
[Source "ChessBase"]
[SourceDate "1998.11.16"]
[SourceVersion "1"]
[SourceVersionDate "1998.11.16"]
[SourceQuality "1"]

1. d4 Nf6 2. Nf3 e6 3. e3 c5 4. Bd3 b6 5. Nbd2 cxd4 6. exd4 Bb7 7. 0-0 Be7 8. b3 0-0 9. Bb2 d6 10. c4 Nbd7 11. Qe2 Re8 12. Ng5 Bf8 13. f4 g6 14. Rac1 Bg7 15. b4 a5 16. a3 axb4 17. axb4 Ra2 18. Bc3 h6 19. Ngf3 Qc7 20. g3 Rea8 21. Bb1 R2a3 22. Bb2 R3a4 23. b5 Rc8 24. Nh4 Nf8 25. Bd3 Ra2 26. Nb3 N6d7 27. Bb1 Ra4 28. Bd3 Rca8 29. Nf3 Rb4 30. Nfd2 Ra2 31. Rc2 Rxb2 32. Rxb2 Bxd4+ 33. Rf2 Bxb2 34. Be4 Bxe4 35. Qxe4 Nc5 36. Qc6 Qd8 37. Nxc5 dxc5 0-1